Normal view
MARC view
- PLUMBLEY,D.MARK
Entry Personal Name
001 - CONTROL NUMBER
- control field: 90801
003 - CONTROL NUMBER IDENTIFIER
- control field: NUST
005 - DATE AND TIME OF LATEST TRANSACTION
- control field: 20220404123324.0
008 - FIXED-LENGTH DATA ELEMENTS
- fixed length control field: 220404|| aca||aabn | a|a d
040 ## - CATALOGING SOURCE
- Original cataloging agency: NUST
- Transcribing agency: NUST
100 ## - HEADING--PERSONAL NAME
- Personal name: PLUMBLEY,D.MARK
670 ## - SOURCE DATA FOUND
- Source citation: Work cat.: (NUST): PLUMBLEY,D.MARK., COMPUTER ANALYSIS OF SOUND SCENES AND EVENTS /, 2018.
